000 00885nas a2200277 4500
001 BR2019000222
003 BR-BrBNA
005 20231205131547.0
007 ta
008 230509b bl.|||p| |||| 00| 00por d
040 _aBR-BrBNA
_bpor
_cBiblioteca Nacional de Agricultura
041 _a(En)
072 _aL53; M12
100 1 _aLopes, T. da S.
100 1 _aSanches, E.A.
100 1 _aCaneppele, D.
100 1 _aRomagosa, E.
245 1 _aSurubim-do-Paraíba oocytes viability after being exposed to different cryoprotectants
650 _aSURUBIM
650 _aPEIXE DE ÁGUA DOCE
650 _aREPRODUÇÃO ANIMAL
773 0 _tCiência Rural (Brazil)
_xISSN 1678-4596
_g(2018), v. 48(6) p. 1-10
_wBR2019000222
856 4 0 _uhttp://www.scielo.br/pdf/cr/v48n6/1678-4596-cr-48-06-e20170667.pdf
909 _a202311
_bLúcia
_c55
_dLúcia Elande
942 _2AGRIS
_n0
_cANA
999 _c255452
_d255452